000 00372nam a2200157Ia 4500
008 210210b1920 xxu||||| |||| 00| 0 eng d
041 _aeng
082 _a821/696
100 _aVIRGIL
245 _aAeneid: Conington
260 _aNew York
_bThe Macmillan Company
_c1920
650 _aConington
650 _aAeneid:
690 _aEnglish Literature
906 _a011864
999 _c130582
_d130582